English knowhow Student book 3

Uloženo v:
Podrobná bibliografie
Hlavní autor: Blackwell, Angela
Další autoři: Manin, Gregory J., Naber, Therese
Médium: Kniha
Jazyk:English
Vydáno: New York Oxford University Press 2005
Témata:
Tagy: Přidat tag
Žádné tagy, Buďte první, kdo otaguje tento záznam!
Thư viện lưu trữ: Trung tâm Học liệu Lê Vũ Hùng, Trường Đại học Đồng Tháp
LEADER 00905pam a22002658a 4500
001 00027913
005 20171026081022.0
008 111221s2005 ||||||engsd
020 # # |a 0197538532 
041 0 # |a eng 
082 1 # |a 428  |b ENG300K 
100 1 # |a Blackwell, Angela 
245 1 0 |a English knowhow  |c Angela Blackwell, Therese Naber ; with Gregory J. Martin.  |b Student book 3 
260 # # |a New York  |b Oxford University Press  |c 2005 
300 # # |a v, 138 p.  |b col. ill., col. map  |c 28 cm.  |e 1CD-ROM 
650 |a Sách giáo khoa cho người nước ngoài 
650 |a Tiếng anh 
700 1 # |a Manin, Gregory J. 
700 1 # |a Naber, Therese 
852 # # |b Kho giáo trình  |j KGT.0050387 
852 # # |b Kho mượn  |j KGT.0050387 
852 # # |j KGT.0050387 
910 # # |a Ntuyet  |d 21/12/2011 
980 # # |a Trung tâm Học liệu Lê Vũ Hùng, Trường Đại học Đồng Tháp